[Event "British Rapidplay"]
[Site "Peterborough"]
[Date "2025.03.02"]
[Round "8.51"]
[White "Young, Daniel J"]
[Black "Lishoy Gengis Paratazham, Dildarav"]
[Result "0-1"]
[WhiteElo "1975"]
[BlackElo "2071"]
[PlyCount "62"]
[EventDate "2025.03.01"]
[EventType "swiss (rapid)"]
[EventRounds "11"]
[EventCountry "ENG"]
[SourceTitle "BritBase"]
[Source "John Saunders"]
[SourceDate "2025.03.03"]
[SourceVersion "1"]
[SourceVersionDate "2025.03.03"]
[SourceQuality "2"]

1. Nf3 Nf6 2. c4 g6 3. g3 Bg7 4. Bg2 O-O 5. O-O c5 6. Nc3 Nc6 7. d4 cxd4 8. Nxd4 Nxd4 9. Qxd4 d6 10. Rd1 a6 11. c5 Nd7 12. Qd3 Nxc5 13. Qd2 Bf5 14. h3 Rc8 15. g4 Be6 16. e4 Qc7 17. Qe2 Bxc3 18. bxc3 Na4 19. Bh6 Rfd8 20. Rac1 Qc4 21. Qe3 f6 22. g5 Nxc3 23. Bf1 Qc5 24. Qf3 fxg5 25. Kh1 Qe5 26. Re1 Nb5 27. Rxc8 Rxc8 28. Rc1 Re8 29. Bxb5 Qxb5 30. Rc7 Bf7 31. e5 Bd5 0-1

[Event "British Rapidplay"]
[Site "Peterborough"]
[Date "2025.03.02"]
[Round "8.52"]
[White "Davies, Peter L"]
[Black "Hutchinson, Paul A"]
[Result "0-1"]
[WhiteElo "1895"]
[BlackElo "2054"]
[PlyCount "136"]
[EventDate "2025.03.01"]
[EventType "swiss (rapid)"]
[EventRounds "11"]
[EventCountry "ENG"]
[SourceTitle "BritBase"]
[Source "John Saunders"]
[SourceDate "2025.03.03"]
[SourceVersion "1"]
[SourceVersionDate "2025.03.03"]
[SourceQuality "2"]

1. d4 g6 2. c4 Bg7 3. Nc3 Nf6 4. e4 d6 5. f4 O-O 6. Nf3 e5 7. dxe5 dxe5 8. Qxd8 Rxd8 9. Nxe5 Nfd7 10. Nxd7 Bxc3+ 11. bxc3 Nxd7 12. e5 Re8 13. Be2 f6 14. exf6 Nxf6 15. Kf1 Bg4 16. Bxg4 Nxg4 17. Bd2 Rad8 18. Be1 Ne3+ 19. Kf2 Nxc4 20. h4 Re4 21. Kf3 Re3+ 22. Kf2 Rde8 23. Rf1 Re2+ 24. Kg1 Ne3 25. Rf2 Nxg2 26. Rxe2 Rxe2 27. Bf2 Nxf4 28. Bxa7 Re7 29. c4 Nd3 30. Rd1 Ne5 31. Bc5 Rd7 32. Rf1 Nxc4 33. Bb4 h5 34. Rf6 Kg7 35. Bc3 Kh7 36. Rf8 g5 37. hxg5 Nd6 38. Bf6 Ne4 39. Rh8+ Kg6 40. Rg8+ Kf5 41. Bd8 c5 42. g6 c4 43. g7 Kg6 44. Bb6 Rxg7 45. Re8 Kf5+ 46. Kf1 c3 47. Bd4 Rd7 48. Be3 c2 49. Rh8 Ng3+ 50. Ke1 Ke4 51. Re8+ Kd3 52. Bh6 Nf5 53. Bg5 Rd4 54. Kf2 Rg4 55. Bc1 Re4 56. Rd8+ Rd4 57. Rh8 h4 58. Rf8 Rd5 59. Rf7 b5 60. Rb7 Nd6 61. Rh7 Rd4 62. Rh8 Nc4 63. Rb8 Rd5 64. Rh8 Rd4 65. Rb8 Nd6 66. Rh8 b4 67. Be3 Ne4+ 68. Kf3 Nd2+ 0-1

[Event "British Rapidplay"]
[Site "Peterborough"]
[Date "2025.03.02"]
[Round "8.53"]
[White "McLachlan, Matthew"]
[Black "Nilim, Armaan"]
[Result "1-0"]
[WhiteElo "1927"]
[BlackElo "1848"]
[PlyCount "161"]
[EventDate "2025.03.01"]
[EventType "swiss (rapid)"]
[EventRounds "11"]
[EventCountry "ENG"]
[SourceTitle "BritBase"]
[Source "John Saunders"]
[SourceDate "2025.03.03"]
[SourceVersion "1"]
[SourceVersionDate "2025.03.03"]
[SourceQuality "2"]

1. d4 d5 2. c4 dxc4 3. e4 e5 4. Nf3 exd4 5. Bxc4 Nf6 6. O-O Be7 7. e5 Nd5 8. Qxd4 Nb6 9. Qxd8+ Bxd8 10. Bb3 O-O 11. Nc3 Nc6 12. Re1 Bg4 13. e6 fxe6 14. Bxe6+ Bxe6 15. Rxe6 Bf6 16. Bg5 Bxc3 17. bxc3 Na4 18. c4 Nc5 19. Ree1 Rfe8 20. h3 Nd3 21. Red1 Nde5 22. Nxe5 Nxe5 23. Rac1 Re6 24. f4 Nf7 25. Rd7 Nxg5 26. fxg5 Rc6 27. Re1 Rc5 28. Ree7 Rxg5 29. Rxc7 b6 30. Kh2 h5 31. Rxa7 Rxa7 32. Rxa7 Rc5 33. Ra4 b5 34. cxb5 Rxb5 35. Kg3 g5 36. Ra7 Rc5 37. a4 Rc3+ 38. Kh2 Kf8 39. Ra5 g4 40. h4 Ra3 41. Rxh5 Rxa4 42. Rg5 Kf7 43. Kg3 Kf6 44. Rxg4 Ra3+ 45. Kh2 Rb3 46. Rg5 Rc3 47. g3 Rc4 48. Kh3 Rb4 49. Rg4 Rb3 50. Rf4+ Kg6 51. Kg4 Rb6 52. Rc4 Kh6 53. Kf4 Rf6+ 54. Ke4 Rg6 55. Rc3 Rg4+ 56. Kf5 Ra4 57. Re3 Kh5 58. Re4 Ra3 59. Kf4 Ra1 60. Re5+ Kg6 61. Rg5+ Kf6 62. Rb5 Ra4+ 63. Kf3 Ra3+ 64. Kg4 Ra8 65. Rb6+ Ke5 66. Rg6 Rh8 67. h5 Rh7 68. h6 Ke4 69. Kg5 Ke5 70. Rg7 Rh8 71. h7 Ke6 72. Kg6 Ra8 73. Rg8 Ra3 74. h8=Q Rxg3+ 75. Kh5 Rh3+ 76. Kg4 Kf7 77. Qxh3 Ke7 78. Rg6 Kf8 79. Qh8+ Kf7 80. Qh7+ Kf8 81. Rg8# 1-0

[Event "British Rapidplay"]
[Site "Peterborough"]
[Date "2025.03.02"]
[Round "8.54"]
[White "Sanitt, Ethan"]
[Black "Iyengar, Ilya"]
[Result "1-0"]
[WhiteElo "2102"]
[BlackElo "1979"]
[PlyCount "77"]
[EventDate "2025.03.01"]
[EventType "swiss (rapid)"]
[EventRounds "11"]
[EventCountry "ENG"]
[SourceTitle "BritBase"]
[Source "John Saunders"]
[SourceDate "2025.03.03"]
[SourceVersion "1"]
[SourceVersionDate "2025.03.03"]
[SourceQuality "2"]

1. c4 Nf6 2. g3 g6 3. Nc3 Bg7 4. Bg2 O-O 5. d3 d6 6. e4 c5 7. Nge2 Nc6 8. O-O Rb8 9. h3 a6 10. a4 Nd4 11. Nxd4 cxd4 12. Ne2 Nd7 13. b4 a5 14. bxa5 Qxa5 15. Bd2 Qc7 16. Qc2 Nc5 17. Bb4 f5 18. Bxc5 dxc5 19. Kh2 e5 20. f4 Kh8 21. Rab1 Bd7 22. Rf2 Bc6 23. exf5 Rxf5 24. Rbf1 Ra8 25. Bxc6 Qxc6 26. fxe5 Rxe5 27. Nf4 Rxa4 28. Nd5 Ra3 29. Qd1 Re8 30. Rf7 b5 31. Qg4 Rxd3 32. Qf4 Qe6 33. Nc7 Qe2+ 34. Rf2 Qe1 35. Nxe8 Qxe8 36. cxb5 Rb3 37. Qd6 h6 38. Qxg6 Qe5 39. Rf8+ 1-0

[Event "British Rapidplay"]
[Site "Peterborough"]
[Date "2025.03.02"]
[Round "8.55"]
[White "Keshari, Krish"]
[Black "Goh, Jinghan Cameron"]
[Result "0-1"]
[WhiteElo "1669"]
[BlackElo "2102"]
[PlyCount "128"]
[EventDate "2025.03.01"]
[EventType "swiss (rapid)"]
[EventRounds "11"]
[EventCountry "ENG"]
[SourceTitle "BritBase"]
[Source "John Saunders"]
[SourceDate "2025.03.03"]
[SourceVersion "1"]
[SourceVersionDate "2025.03.03"]
[SourceQuality "2"]

1. e4 c5 2. Nf3 e6 3. d4 cxd4 4. Nxd4 a6 5. Nc3 b5 6. Be3 Bb7 7. f3 Qc7 8. Qd2 Nc6 9. g4 Rc8 10. O-O-O Bb4 11. Nxc6 Bxc6 12. Qd4 Bf8 13. Kb1 b4 14. Ne2 Ba4 15. b3 Qxc2+ 16. Ka1 Bc5 17. Qd2 Bxe3 18. Qxc2 Rxc2 19. bxa4 Nf6 20. Kb1 Rc7 21. Rd3 Bb6 22. g5 Nh5 23. Bh3 h6 24. gxh6 Rxh6 25. Bg2 Ke7 26. Rhd1 e5 27. Bh3 d6 28. Bg2 Bc5 29. Kb2 Nf6 30. Rh1 g6 31. Kb3 Rh4 32. Rd2 Nd7 33. Rc2 Rb7 34. Nc1 a5 35. Nd3 Rb8 36. Nb2 Bb6 37. Nd3 Rhh8 38. Bf1 Rbc8 39. Be2 Rxc2 40. Kxc2 Be3 41. Nb2 Bf4 42. h3 Nb6 43. Ba6 Ra8 44. Bd3 Rc8+ 45. Kb1 Rc3 46. Rd1 Kf6 47. Bb5 Ke7 48. Bd3 Nd7 49. Nc4 Nc5 50. Be2 Nxa4 51. Nxd6 Rc5 52. Nb5 Rxb5 53. Bxb5 Nc3+ 54. Kc2 Nxb5 55. Rd5 Nd4+ 56. Kd3 a4 57. Ra5 b3 58. Rxa4 bxa2 59. Rxa2 Kf6 60. Rf2 Kg5 61. Rf1 Kh4 62. Ra1 Nxf3 63. Ke2 Ng5 64. Rh1 Nxe4 0-1

[Event "British Rapidplay"]
[Site "Peterborough"]
[Date "2025.03.02"]
[Round "8.56"]
[White "Waterfield, Mark"]
[Black "Lee, Yuk Hei"]
[Result "1/2-1/2"]
[WhiteElo "1913"]
[BlackElo "1877"]
[PlyCount "136"]
[EventDate "2025.03.01"]
[EventType "swiss (rapid)"]
[EventRounds "11"]
[EventCountry "ENG"]
[SourceTitle "BritBase"]
[Source "John Saunders"]
[SourceDate "2025.03.03"]
[SourceVersion "1"]
[SourceVersionDate "2025.03.03"]
[SourceQuality "2"]

1. e4 c5 2. Nf3 e6 3. d4 cxd4 4. Nxd4 Nc6 5. Nc3 d6 6. Be2 Nf6 7. O-O Be7 8. Be3 O-O 9. f4 e5 10. Nf3 Ng4 11. Qd2 Nxe3 12. Qxe3 exf4 13. Qxf4 Qb6+ 14. Kh1 a6 15. Rab1 Be6 16. b3 Nb4 17. Bc4 Nxc2 18. Nd5 Bxd5 19. Bxd5 Nb4 20. Qd2 Nc6 21. Ng5 Bxg5 22. Qxg5 Ne5 23. Qe7 Rab8 24. Rbc1 Nd3 25. Rxf7 Rxf7 26. Qxf7+ Kh8 27. Rf1 h6 28. Qf3 Ne5 29. Qf5 Qd8 30. Qe6 Qd7 31. Qxd7 Nxd7 32. Rf7 Nc5 33. b4 Nd3 34. a3 b5 35. Rd7 Rc8 36. h3 Rc3 37. Be6 Rxa3 38. Bf5 g5 39. Rh7+ Kg8 40. Rxh6 Nxb4 41. Rxd6 Nd3 42. Rg6+ Kf7 43. Rxg5 b4 44. e5 Nxe5 45. Bh7 Nd3 46. Rg3 Nf2+ 47. Kh2 Ke6 48. Rxa3 bxa3 49. h4 Kf7 50. Bb1 Nd1 51. Bd3 Nb2 52. Bb1 Kg7 53. Kg3 Nd1 54. Ba2 Nc3 55. Bb3 a5 56. Kf4 a2 57. Bxa2 Nxa2 58. Ke4 Nb4 59. Kd4 Kh6 60. Kc4 Kh5 61. g3 Nc6 62. Kb5 Kg4 63. Ka4 Kh5 64. Kb5 Kg4 65. Ka4 Kxg3 66. h5 Ne5 67. Kxa5 Nf7 68. Kb6 Kh4 1/2-1/2

[Event "British Rapidplay"]
[Site "Peterborough"]
[Date "2025.03.02"]
[Round "8.57"]
[White "Sagues, Vincent"]
[Black "Calvert, George"]
[Result "1/2-1/2"]
[WhiteElo "1936"]
[BlackElo "1740"]
[PlyCount "128"]
[EventDate "2025.03.01"]
[EventType "swiss (rapid)"]
[EventRounds "11"]
[EventCountry "ENG"]
[SourceTitle "BritBase"]
[Source "John Saunders"]
[SourceDate "2025.03.03"]
[SourceVersion "1"]
[SourceVersionDate "2025.03.03"]
[SourceQuality "2"]

1. e4 c5 2. Nf3 Nc6 3. d4 cxd4 4. Nxd4 e6 5. Nc3 Bc5 6. Nb3 Be7 7. Be2 Nf6 8. O-O O-O 9. Be3 d5 10. exd5 exd5 11. Nd4 Be6 12. Bf3 Qd7 13. Nce2 Rac8 14. c3 Bd6 15. Bf4 Bxf4 16. Nxf4 Nxd4 17. Qxd4 Rc4 18. Qd2 Qd6 19. Ne2 Bg4 20. Nd4 Bxf3 21. Nxf3 Rg4 22. h3 Ne4 23. Qe3 Rg6 24. Rad1 Qe6 25. Nd4 Qd7 26. Kh1 f5 27. Ne2 Re8 28. Qd4 Rd8 29. Nf4 Rd6 30. Rfe1 g5 31. Nd3 f4 32. Nc5 Qc7 33. Nd3 Rc6 34. Kg1 b6 35. Qe5 Qf7 36. Nb4 Re6 37. Qd4 Red6 38. f3 Ng3 39. Qe5 h6 40. Nc2 Nf5 41. Qe2 Ng3 42. Qd3 Nf5 43. Re5 Rf6 44. Rxd5 Re8 45. Rd7 Re7 46. Rxe7 Qxe7 47. Qd8+ Kf7 48. Qxe7+ Kxe7 49. Kf2 Ng3 50. Re1+ Kd6 51. Nd4 Kc5 52. Re7 a5 53. Rc7+ Kd5 54. Re7 Kc4 55. Ke1 Kd3 56. Rd7 Kc4 57. Kd2 Nf1+ 58. Kc1 Ne3 59. Kd2 Nxg2 60. b3+ Kc5 61. Rc7+ Kd5 62. Rd7+ Kc5 63. Rc7+ Kd5 64. Rd7+ Kc5 1/2-1/2

[Event "British Rapidplay"]
[Site "Peterborough"]
[Date "2025.03.02"]
[Round "8.58"]
[White "Bramson, Mike"]
[Black "Bakhtiyarov, Kamronbek"]
[Result "0-1"]
[WhiteElo "1895"]
[BlackElo "1676"]
[PlyCount "38"]
[EventDate "2025.03.01"]
[EventType "swiss (rapid)"]
[EventRounds "11"]
[EventCountry "ENG"]
[SourceTitle "BritBase"]
[Source "John Saunders"]
[SourceDate "2025.03.03"]
[SourceVersion "1"]
[SourceVersionDate "2025.03.03"]
[SourceQuality "2"]

1. e4 e5 2. Nc3 Nf6 3. Bc4 Nc6 4. d3 d6 5. f4 exf4 6. Bxf4 Na5 7. Bb3 Nxb3 8. axb3 Bg4 9. Nf3 Be7 10. O-O O-O 11. Qe1 Re8 12. Qg3 Qd7 13. Rae1 Nh5 14. Qf2 Nxf4 15. Nd4 Ng6 16. Qxf7+ Kh8 17. Qd5 c6 18. Qa5 Bf6 19. h3 Bxd4+ 0-1

[Event "British Rapidplay"]
[Site "Peterborough"]
[Date "2025.03.02"]
[Round "8.59"]
[White "Bahtiyorova, Nodirabegim"]
[Black "Kumar, Arnav"]
[Result "0-1"]
[WhiteElo "1761"]
[BlackElo "1767"]
[PlyCount "76"]
[EventDate "2025.03.01"]
[EventType "swiss (rapid)"]
[EventRounds "11"]
[EventCountry "ENG"]
[SourceTitle "BritBase"]
[Source "John Saunders"]
[SourceDate "2025.03.03"]
[SourceVersion "1"]
[SourceVersionDate "2025.03.03"]
[SourceQuality "2"]

1. e4 c6 2. d4 d5 3. Nc3 dxe4 4. Nxe4 Nf6 5. Nxf6+ exf6 6. Nf3 Bg4 7. c3 Bd6 8. Be2 O-O 9. O-O Nd7 10. Be3 f5 11. Qc1 Qc7 12. h3 Bh5 13. Qc2 f4 14. Bd2 c5 15. Rac1 Rac8 16. Bd3 Nf6 17. Bf5 Rcd8 18. b3 Bxf3 19. gxf3 cxd4 20. cxd4 Qxc2 21. Rxc2 g6 22. Be4 Rc8 23. Rfc1 Rxc2 24. Rxc2 b6 25. Rc6 Rd8 26. Kf1 Kf8 27. Ke2 Ke7 28. Kd3 Nd7 29. Kc4 f5 30. Bd3 Nb8 31. Rxd6 Kxd6 32. Bxf4+ Ke6 33. Kc3 Nc6 34. Bc4+ Kf6 35. h4 Rxd4 36. Bg5+ Ke5 37. Bb5 Rd6 38. Bh6 Kf6 0-1

[Event "British Rapidplay"]
[Site "Peterborough"]
[Date "2025.03.02"]
[Round "8.62"]
[White "Kennedy, Aden"]
[Black "De Sousa Muachikape, Jael"]
[Result "1/2-1/2"]
[WhiteElo "1913"]
[BlackElo "1855"]
[PlyCount "92"]
[EventDate "2025.03.01"]
[EventType "swiss (rapid)"]
[EventRounds "11"]
[EventCountry "ENG"]
[SourceTitle "BritBase"]
[Source "John Saunders"]
[SourceDate "2025.03.03"]
[SourceVersion "1"]
[SourceVersionDate "2025.03.03"]
[SourceQuality "2"]

1. e4 c5 2. Nf3 d6 3. d4 cxd4 4. Nxd4 Nf6 5. f3 a6 6. c4 Nc6 7. Nc3 g6 8. Be3 Bg7 9. Be2 O-O 10. O-O Bd7 11. Qd2 Rc8 12. Rac1 Ne8 13. b3 Nc7 14. Rfd1 Ne6 15. Nxe6 Bxe6 16. Nd5 Bxd5 17. cxd5 Ne5 18. Qb4 Qd7 19. Qb6 Rxc1 20. Rxc1 Rc8 21. Rxc8+ Qxc8 22. Bc4 Nd7 23. Qa7 b5 24. Bf1 Qc3 25. Bf2 Nc5 26. Qxe7 Bd4 27. Qh4 Nd3 28. Bxd3 Qxd3 29. Bxd4 Qxd4+ 30. Kf1 Qa1+ 31. Kf2 Qxa2+ 32. Kg3 Qa5 33. Qe7 Qe1+ 34. Kh3 h5 35. Qxd6 a5 36. Qc6 g5 37. Qe8+ Kg7 38. Qe5+ f6 39. Qe7+ Kg6 40. Qe8+ Kh6 41. Qf8+ Kg6 42. Qe8+ Kh6 43. Qh8+ Kg6 44. Qg8+ Kh6 45. Qf8+ Kg6 46. Qe8+ Kh6 1/2-1/2

[Event "British Rapidplay"]
[Site "Peterborough"]
[Date "2025.03.02"]
[Round "8.64"]
[White "Nezis, Anastasios"]
[Black "Pearson, Charlie"]
[Result "0-1"]
[WhiteElo "1891"]
[BlackElo "1668"]
[PlyCount "59"]
[EventDate "2025.03.01"]
[EventType "swiss (rapid)"]
[EventRounds "11"]
[EventCountry "ENG"]
[SourceTitle "BritBase"]
[Source "John Saunders"]
[SourceDate "2025.03.03"]
[SourceVersion "1"]
[SourceVersionDate "2025.03.03"]
[SourceQuality "2"]

1. Nf3 Nf6 2. c4 g6 3. Nc3 Bg7 4. e4 d6 5. d4 O-O 6. Bd3 Bg4 7. h3 Bxf3 8. Qxf3 Nc6 9. Be3 Nd7 10. Ne2 Nce5 11. dxe5 Nxe5 12. Qg3 Nxd3+ 13. Kf1 Nxb2 14. Rb1 Nxc4 15. Bg5 b6 16. Rc1 Ne5 17. h4 f6 18. Be3 h5 19. Nf4 Qe8 20. Ne6 Qb5+ 21. Kg1 Rfc8 22. Bf4 c6 23. Qh3 Qb2 24. Be3 Ng4 25. Nf4 Nxf2 26. Qe6+ Kh7 27. Bxf2 Qxc1+ 28. Kh2 Qxf4+ 29. Bg3 Qg4 30. Rf1 0-1

[Event "British Rapidplay"]
[Site "Peterborough"]
[Date "2025.03.02"]
[Round "8.67"]
[White "Mordyl, Monika"]
[Black "Mehrafarin, Amirabbas"]
[Result "0-1"]
[WhiteElo "1649"]
[BlackElo "1814"]
[PlyCount "160"]
[EventDate "2025.03.01"]
[EventType "swiss (rapid)"]
[EventRounds "11"]
[EventCountry "ENG"]
[SourceTitle "BritBase"]
[Source "John Saunders"]
[SourceDate "2025.03.03"]
[SourceVersion "1"]
[SourceVersionDate "2025.03.03"]
[SourceQuality "2"]

1. d4 Nf6 2. e3 d5 3. c4 c6 4. Nf3 Bg4 5. h3 Bh5 6. Nbd2 e6 7. Qb3 Qb6 8. c5 Qc7 9. a4 Nbd7 10. a5 Be7 11. Be2 O-O 12. O-O Rab8 13. Qc2 e5 14. dxe5 Nxe5 15. b4 Bg6 16. Qc3 Nxf3+ 17. Bxf3 Ne4 18. Bxe4 Bf6 19. Qa3 Bxe4 20. Bb2 Bxb2 21. Qxb2 Bd3 22. Rfd1 a6 23. Nb3 Bg6 24. Nd4 Qe5 25. Qe2 Qf6 26. Qf3 Qg5 27. Qf4 Qe7 28. Nf5 Bxf5 29. Qxf5 g6 30. Qf4 Rfe8 31. Re1 Qe5 32. Qxe5 Rxe5 33. Rad1 Re4 34. Rd4 Rbe8 35. Red1 Kg7 36. Kf1 f5 37. Ke2 Kf6 38. R1d3 g5 39. f3 Rxd4 40. Rxd4 h5 41. h4 g4 42. fxg4 hxg4 43. g3 Re7 44. Kd3 Re8 45. Rf4 Re7 46. Kd4 Re8 47. Kd3 Re7 48. Rf1 Re4 49. Rf4 Re8 50. Rf1 Re6 51. Kd4 Re4+ 52. Kd3 Rxb4 53. h5 Rb5 54. h6 Kg6 55. Rh1 Kh7 56. Kd4 Rxa5 57. Ke5 Rxc5 58. Kxf5 d4+ 59. Ke4 dxe3 60. Kxe3 Rb5 61. Kf4 Rb4+ 62. Kf5 a5 63. Kf6 Rb3 64. Kg5 Rb4 65. Kf6 a4 66. Re1 c5 67. Kg5 c4 68. Re7+ Kh8 69. Kg6 Rb6+ 70. Kg5 c3 71. Rc7 Rc6 72. Rxb7 Rc8 73. Kg6 Rc6+ 74. Kg5 Rc8 75. Kg6 Rg8+ 76. Kf6 a3 77. Rc7 a2 78. Rxc3 a1=Q 79. Kf7 Qxc3 80. Ke7 Qc7+ 0-1

[Event "British Rapidplay"]
[Site "Peterborough"]
[Date "2025.03.02"]
[Round "8.68"]
[White "Watkinson, Phil K"]
[Black "Gupta, Leonardo"]
[Result "0-1"]
[WhiteElo "1775"]
[BlackElo "1885"]
[PlyCount "106"]
[EventDate "2025.03.01"]
[EventType "swiss (rapid)"]
[EventRounds "11"]
[EventCountry "ENG"]
[SourceTitle "BritBase"]
[Source "John Saunders"]
[SourceDate "2025.03.03"]
[SourceVersion "1"]
[SourceVersionDate "2025.03.03"]
[SourceQuality "2"]

1. d4 Nf6 2. c4 d6 3. Nc3 e5 4. dxe5 dxe5 5. Qxd8+ Kxd8 6. e4 c6 7. Bg5 Be6 8. Nf3 Nbd7 9. O-O-O Kc7 10. Be2 a5 11. Rd2 Bb4 12. Rc2 Bxc3 13. Bxf6 Bxb2+ 14. Rxb2 gxf6 15. Rd1 Nc5 16. Nd2 h5 17. f3 a4 18. Nb1 h4 19. h3 Rhg8 20. Bf1 f5 21. Nc3 fxe4 22. Nxe4 Nxe4 23. fxe4 Rg3 24. Re1 Rd8 25. Rb4 Ra8 26. Kd2 Rd8+ 27. Kc2 a3 28. Reb1 Bc8 29. R1b3 Rd4 30. Rxg3 hxg3 31. Bd3 f5 32. Rb3 f4 33. Rb1 Be6 34. h4 Bxc4 35. Bxc4 Rxc4+ 36. Kd3 Rd4+ 37. Ke2 Rxe4+ 38. Kf1 Rd4 39. Ke2 e4 40. Rb3 Ra4 41. h5 b5 42. h6 Ra8 43. h7 Rh8 44. Rxa3 Rxh7 45. Rc3 Rh2 46. Kf1 Rh1+ 47. Ke2 Ra1 48. Ra3 Kb6 49. Ra8 Rb1 50. Re8 Rb2+ 51. Kf1 f3 52. Rxe4 Rb1+ 53. Re1 fxg2+ 0-1

[Event "British Rapidplay"]
[Site "Peterborough"]
[Date "2025.03.02"]
[Round "8.71"]
[White "Ekram, Itmam"]
[Black "Yu, Robin"]
[Result "1/2-1/2"]
[WhiteElo "1610"]
[BlackElo "1628"]
[PlyCount "37"]
[EventDate "2025.03.01"]
[EventType "swiss (rapid)"]
[EventRounds "11"]
[EventCountry "ENG"]
[SourceTitle "BritBase"]
[Source "John Saunders"]
[SourceDate "2025.03.03"]
[SourceVersion "1"]
[SourceVersionDate "2025.03.03"]
[SourceQuality "2"]

1. e4 e6 2. d4 d5 3. exd5 exd5 4. Bf4 Bd6 5. Bxd6 Qxd6 6. c3 Nf6 7. Nf3 O-O 8. Be2 Re8 9. O-O Be6 10. Nbd2 Nbd7 11. Bd3 c5 12. dxc5 Nxc5 13. Bc2 Rad8 14. Re1 a6 15. a3 h6 16. Nb3 Nce4 17. Nbd2 Nc5 18. Nb3 Nce4 19. Nbd2 1/2-1/2

[Event "British Rapidplay"]
[Site "Peterborough"]
[Date "2025.03.02"]
[Round "8.72"]
[White "Parikh, Naavya"]
[Black "Boganadham, Ved Sudeep"]
[Result "1-0"]
[WhiteElo "1741"]
[BlackElo "1649"]
[PlyCount "83"]
[EventDate "2025.03.01"]
[EventType "swiss (rapid)"]
[EventRounds "11"]
[EventCountry "ENG"]
[SourceTitle "BritBase"]
[Source "John Saunders"]
[SourceDate "2025.03.03"]
[SourceVersion "1"]
[SourceVersionDate "2025.03.03"]
[SourceQuality "2"]

1. e4 e5 2. Nf3 Nf6 3. Nxe5 Nxe4 4. Qe2 Qe7 5. Qxe4 d6 6. Nc3 Qxe5 7. Qxe5+ dxe5 8. Bc4 Nc6 9. Nb5 Bd6 10. c3 Bd7 11. O-O O-O 12. d3 a6 13. Nxd6 cxd6 14. f4 Rac8 15. Bb3 Na5 16. Bc2 b5 17. Bd2 Nc6 18. a4 Nb4 19. Bb1 Nd5 20. axb5 axb5 21. Ba2 Be6 22. f5 Bxf5 23. Rxf5 Ne7 24. Rf3 Rc6 25. Bg5 Ng6 26. Raf1 Rc7 27. h4 h6 28. h5 Nh8 29. Bh4 Ra8 30. Bd5 Ra4 31. Bf2 b4 32. Bb6 Re7 33. d4 Ra6 34. Bd8 Rd7 35. Bh4 bxc3 36. bxc3 exd4 37. cxd4 Ra5 38. Rf5 Kh7 39. Be4 Raa7 40. Rxf7+ Ng6 41. Bxg6+ Kg8 42. Rf8# 1-0

[Event "British Rapidplay"]
[Site "Peterborough"]
[Date "2025.03.02"]
[Round "8.74"]
[White "Beswick, Andrew"]
[Black "Mehta, Sophie"]
[Result "1-0"]
[WhiteElo "1560"]
[BlackElo "1682"]
[PlyCount "71"]
[EventDate "2025.03.01"]
[EventType "swiss (rapid)"]
[EventRounds "11"]
[EventCountry "ENG"]
[SourceTitle "BritBase"]
[Source "John Saunders"]
[SourceDate "2025.03.03"]
[SourceVersion "1"]
[SourceVersionDate "2025.03.03"]
[SourceQuality "2"]

1. e4 c5 2. Nc3 d6 3. Nf3 Nc6 4. d4 cxd4 5. Nxd4 Nf6 6. Be2 g6 7. Be3 Bg7 8. f4 Bd7 9. O-O Qb6 10. Nf5 Qxb2 11. Nxg7+ Kf8 12. Qd2 Kxg7 13. Rab1 Qa3 14. Rxb7 Rhb8 15. Rfb1 Rxb7 16. Rxb7 a6 17. e5 dxe5 18. fxe5 Nxe5 19. Bd4 Qd6 20. Rb6 Bc6 21. Bxa6 Rd8 22. Nb5 Qd5 23. c3 Kg8 24. Nc7 Qe4 25. Qe2 Qxe2 26. Bxe2 Ned7 27. Rxc6 Rc8 28. Rc4 Ne4 29. Nd5 Ra8 30. Nxe7+ Kf8 31. Rc8+ Rxc8 32. Nxc8 Ke8 33. Nb6 Nxb6 34. Bxb6 Nxc3 35. Bc4 Na4 36. Bd4 1-0

[Event "British Rapidplay"]
[Site "Peterborough"]
[Date "2025.03.02"]
[Round "8.76"]
[White "Suganya, Yugan"]
[Black "Reghu, Jyothika U"]
[Result "0-1"]
[WhiteElo "1770"]
[BlackElo "1767"]
[PlyCount "148"]
[EventDate "2025.03.01"]
[EventType "swiss (rapid)"]
[EventRounds "11"]
[EventCountry "ENG"]
[SourceTitle "BritBase"]
[Source "John Saunders"]
[SourceDate "2025.03.03"]
[SourceVersion "1"]
[SourceVersionDate "2025.03.03"]
[SourceQuality "2"]

1. e4 Nf6 2. Nc3 d5 3. e5 d4 4. exf6 dxc3 5. fxe7 cxd2+ 6. Bxd2 Bxe7 7. Bd3 Bf6 8. Qe2+ Be6 9. c3 O-O 10. Nf3 Bg4 11. O-O Re8 12. Be3 Bxf3 13. gxf3 Nd7 14. Rad1 Qe7 15. a3 c6 16. Rfe1 Bh4 17. Qd2 Ne5 18. Qe2 Qf6 19. Be4 Ng6 20. Kh1 Nf4 21. Bxf4 Qxf4 22. Rg1 f5 23. Qc4+ Kh8 24. Qf7 Bf6 25. Bc2 Qxf3+ 26. Rg2 Re7 27. Qc4 Rae8 28. Qf1 Re2 29. Bd3 Rxb2 30. Re1 Rd8 31. Be2 Rxe2 32. Qxe2 Qxe2 33. Rxe2 Rd1+ 34. Rg1 Rxg1+ 35. Kxg1 Kg8 36. Re8+ Kf7 37. Rb8 Bxc3 38. Rxb7+ Ke6 39. Rxa7 Bd4 40. Ra6 Kd5 41. a4 c5 42. Kf1 f4 43. f3 Kc4 44. Ra8 Kd3 45. a5 c4 46. a6 c3 47. Rc8 c2 48. Rc7 Kd2 49. a7 Bxa7 50. Kg2 c1=Q 51. Rxc1 Kxc1 52. Kh3 Be3 53. Kg4 Kd2 54. h4 Ke2 55. h5 Kf2 56. h6 gxh6 57. Kh3 Kxf3 58. Kh2 Kg4 59. Kh1 f3 60. Kh2 Bf4+ 61. Kh1 Kg3 62. Kg1 f2+ 63. Kf1 Be5 64. Ke2 Kg2 65. Kd2 f1=Q 66. Ke3 Qf3+ 67. Kd2 Kf2 68. Kc2 Qc3+ 69. Kd1 Qd3+ 70. Kc1 Bb2+ 71. Kxb2 Ke3 72. Kc1 Qe2 73. Kb1 Kd3 74. Ka1 Kc3 0-1

[Event "British Rapidplay"]
[Site "Peterborough"]
[Date "2025.03.02"]
[Round "8.77"]
[White "Smith, Adam"]
[Black "Graff, Ben"]
[Result "0-1"]
[WhiteElo "1692"]
[BlackElo "1800"]
[PlyCount "76"]
[EventDate "2025.03.01"]
[EventType "swiss (rapid)"]
[EventRounds "11"]
[EventCountry "ENG"]
[SourceTitle "BritBase"]
[Source "John Saunders"]
[SourceDate "2025.03.03"]
[SourceVersion "1"]
[SourceVersionDate "2025.03.03"]
[SourceQuality "2"]

1. e4 Nc6 2. Nf3 d6 3. Bb5 a6 4. Ba4 b5 5. Bb3 Bb7 6. a4 e5 7. d3 h6 8. Nc3 b4 9. Nd5 Nf6 10. Bd2 a5 11. O-O Be7 12. c3 bxc3 13. bxc3 O-O 14. Re1 Re8 15. Nh4 Nxd5 16. exd5 Bxh4 17. dxc6 Bxc6 18. Qh5 Rf8 19. d4 Rb8 20. Rab1 Qf6 21. g3 Bg5 22. Bxg5 hxg5 23. d5 Rxb3 24. Rxb3 Bxd5 25. Rb5 g6 26. Qg4 Bf3 27. Qc4 c6 28. Rxa5 d5 29. Qf1 e4 30. Ra6 Kg7 31. Re3 g4 32. Rb6 Rh8 33. a5 Qd8 34. Qa1 Qf6 35. Re1 g5 36. c4 d4 37. a6 Rxh2 38. Qxd4 Rh1# 0-1

[Event "British Rapidplay"]
[Site "Peterborough"]
[Date "2025.03.02"]
[Round "8.80"]
[White "Fisher, Neal"]
[Black "Davis, Joshua"]
[Result "1-0"]
[WhiteElo "1713"]
[BlackElo "1716"]
[PlyCount "59"]
[EventDate "2025.03.01"]
[EventType "swiss (rapid)"]
[EventRounds "11"]
[EventCountry "ENG"]
[SourceTitle "BritBase"]
[Source "John Saunders"]
[SourceDate "2025.03.03"]
[SourceVersion "1"]
[SourceVersionDate "2025.03.03"]
[SourceQuality "2"]

1. e4 c6 2. d4 d5 3. e5 c5 4. c3 Nc6 5. Nf3 Bg4 6. Be2 cxd4 7. cxd4 Bxf3 8. Bxf3 e6 9. O-O Nge7 10. Be3 Nf5 11. a3 Be7 12. b4 Bg5 13. Bxg5 Qxg5 14. Qd2 Qxd2 15. Nxd2 Nfxd4 16. Rac1 Nxe5 17. Rc7 Nexf3+ 18. gxf3 Rb8 19. a4 O-O 20. Kg2 Rfc8 21. Rfc1 Rxc7 22. Rxc7 g6 23. b5 a6 24. b6 Kf8 25. f4 Nf5 26. Nf3 Ke8 27. Ng5 Nd6 28. Nxh7 Rc8 29. Nf6+ Kd8 30. Rd7# 1-0